Ethics, free enterprise, and public policy (Record no. 829950)

MARC details
000 -LEADER
fixed length control field 00680nam a2200229Ia 4500
003 - CONTROL NUMBER IDENTIFIER
control field OSt
005 - DATE AND TIME OF LATEST TRANSACTION
control field 20220928144842.0
008 - FIXED-LENGTH DATA ELEMENTS--GENERAL INFORMATION
fixed length control field 220927b |||||||| |||| 00| 0 eng d
037 ## - SOURCE OF ACQUISITION
Terms of availability Textual
040 ## - CATALOGING SOURCE
Original cataloging agency SDCL
Transcribing agency SDCL
Language of cataloging eng
041 ## - LANGUAGE CODE
Source of code eng
Language code of text/sound track or separate title eng
100 ## - MAIN ENTRY--PERSONAL NAME
Personal name De George Richard T Ed.
9 (RLIN) 509950
245 #0 - TITLE STATEMENT
Title Ethics, free enterprise, and public policy
Remainder of title Original essays on moral issues in business.
260 ## - PUBLICATION, DISTRIBUTION, ETC.
Date of publication, distribution, etc. 1978
700 ## - ADDED ENTRY--PERSONAL NAME
Personal name Pichler Joseph A Ed.
9 (RLIN) 509951
942 ## - ADDED ENTRY ELEMENTS (KOHA)
Classification part X0aR4, L8
Koha item type Textual
Source of classification or shelving scheme Colon Classification (CC)
Holdings
Withdrawn status Lost status Damaged status Not for loan Home library Current library Date acquired Total Checkouts Full call number Barcode Date last seen Price effective from Koha item type
        South Campus Library South Campus Library 2022-09-28   X0aR4 L8 SC0674662 2022-09-28 2022-09-28 Textual
Copyright @ Delhi University Library System